<?xml version="1.0" encoding="UTF-8"?>
<marc:record xmlns:marc="http://www.loc.gov/MARC21/slim">
   <marc:leader>00000nam a2200000 a 4500</marc:leader>
   <marc:datafield ind1="1" ind2=" " tag="100">
      <marc:subfield code="a">Turrini, Peter</marc:subfield>
      <marc:subfield code="4">aut</marc:subfield>
      <marc:subfield code="e">Verfasser/-in</marc:subfield>
   </marc:datafield>
   <marc:datafield ind1=" " ind2=" " tag="653">
      <marc:subfield code="a">Turrini</marc:subfield>
   </marc:datafield>
   <marc:datafield ind1="0" ind2="0" tag="245">
      <marc:subfield code="a">Alpenglühen</marc:subfield>
   </marc:datafield>
   <marc:datafield ind1="0" ind2="0" tag="245">
      <marc:subfield code="b">ein Stück</marc:subfield>
   </marc:datafield>
   <marc:datafield ind1=" " ind2="1" tag="264">
      <marc:subfield code="a">Hamburg und Zürich</marc:subfield>
      <marc:subfield code="b">Luchterhand Literaturverlag</marc:subfield>
      <marc:subfield code="c">1992</marc:subfield>
   </marc:datafield>
   <marc:datafield ind1="1" ind2=" " tag="520">
      <marc:subfield code="a">Die Preis-Frage: wie gut muss ein Theaterstück sein, um es für 28,00 DM - den Preis eines "Spectaculum"-Bandes - ins Regal zu stellen? Turrini ist ein versierter Szenenfuchs, der seine Akteure eher überfüttert als darben lässt. Doch hier überrascht er uns mit gedämpften Tönen, einer - bis auf das spektakuläre Finale - eher leisen Geschichte von einem Blinden, den es in eine Berghütte verschlagen hat, und einer Fremden, die mit ihrer Identität spielt: ist sie Sekretärin des Blindenvereins, der sie zu ihm geschickt hat, oder eine abgetakelte Hure, eine frustierte Schauspielerin? Da Claus Peymann das Stück demnächst in Wien und Hamburg (mit Quadflieg und der Dene) vorstellen will, dürfte die Preis-Frage sich zunächst auf lokaler Ebene beantworten.</marc:subfield>
   </marc:datafield>
   <marc:datafield ind1="3" ind2=" " tag="024">
      <marc:subfield code="a">3630867995</marc:subfield>
   </marc:datafield>
   <marc:datafield ind1=" " ind2=" " tag="041">
      <marc:subfield code="a">ger</marc:subfield>
   </marc:datafield>
   <marc:datafield ind1=" " ind2=" " tag="300">
      <marc:subfield code="a">8</marc:subfield>
   </marc:datafield>
</marc:record>
